000
00308nam a22001337a 4500
999
_c
535203
_d
535203
020
_a
9781000556575
040
_c
DLC - MSOHAIL
082
_a
307.1216
_b
HAL
100
_a
Tony Hall
_9
29649
245
_a
Town Planning: The Basics
260
_a
Taylor & Francis
_c
c2019
300
_a
100;p
942
_2
ddc
_c
BK